The New Age of Innovation (Record no. 10574)

MARC details
000 -LEADER
fixed length control field 00420nam a22001817a 4500
003 - CONTROL NUMBER IDENTIFIER
control field OSt
008 - FIXED-LENGTH DATA ELEMENTS--GENERAL INFORMATION
fixed length control field 210325b ||||| |||| 00| 0 eng d
020 ## - INTERNATIONAL STANDARD BOOK NUMBER
International Standard Book Number 9780070248618
082 ## - DEWEY DECIMAL CLASSIFICATION NUMBER
Classification number 658.4063 PRI
100 ## - MAIN ENTRY--PERSONAL NAME
Personal name PRAHALAD,CK
245 ## - TITLE STATEMENT
Title The New Age of Innovation
250 ## - EDITION STATEMENT
Edition statement 1st and Reprint
260 ## - PUBLICATION, DISTRIBUTION, ETC. (IMPRINT)
Place of publication, distribution, etc New Delhi
Name of publisher, distributor, etc TMH
Date of publication, distribution, etc 2008
300 ## - PHYSICAL DESCRIPTION
Extent 278
650 ## - SUBJECT ADDED ENTRY--TOPICAL TERM
Topical term or geographic name as entry element General
700 ## - ADDED ENTRY--PERSONAL NAME
Personal name KRISHANAN,MS
942 ## - ADDED ENTRY ELEMENTS (KOHA)
Source of classification or shelving scheme Dewey Decimal Classification
Koha item type Text Books
Holdings
Withdrawn status Lost status Source of classification or shelving scheme Damaged status Not for loan Collection code Home library Current library Date acquired Source of acquisition Currency Cost, normal purchase price Bill Number Total Checkouts Full call number Acc. no. / Barcode Date last seen Date last borrowed Actual Cost, discounted price Bill Date Koha item type
    Dewey Decimal Classification     GENERAL PIET C-LIBRARY PIET C-LIBRARY 17/03/2021 Kirti Praskshan IN Rupees 695.00 IN1865 1 658.4063 PRI 32698 24/03/2023 19/06/2021 472.60 17/03/2021 Text Books

Design & Developed by: PIET Central Library
R70 Miles Stone Pattikalyana Samalkha Panipat 132102
mail ID :- [email protected], Phone No:- 0180-2569700 Ex.216